00996cam a2200253 a 4500003000700000005001700007008004100024020004300065040004300108050001500151100002200166245012600188250008600314260004600400300004900446336002800495337003000523338002700553504005100580650002500631700002900656700002900685700002800714CBULib20250626134904.0111223s2013 moua b 001 0 eng  a9780323083331 (hardcover : alk. paper) aDNLM/DLCcCBULibdCBULibbEnglisherda00aRK 501 Hey aHeyman, Harald O.00aSturdevant's art and science of operative dentistry.c/ edited by Harald O. Heyman; Edward J. Swift, Jr.; Andre V, Ritter a6th editionb[edited by] Harald O. Heymann, Edward J. Swift Jr., Andre V. Ritter. aSt. Louis, Mo. :bElsevier/Mosby,cc2013. axv, 548 pages :billustration (some color) ; 2rdacontentaText |btxt 2rdamediaaUnmediated |bn 2rdacarrieraVolumebnc aIncludes bibliographical references and index.10aDENTISTRY, OPERATIVE aSwift, Edward J.eeditor aRitter, Andre V.eeditor1 aSturdevant, Clifford M.